| 000 | 00815nam a22002535a 4500 | ||
|---|---|---|---|
| 008 | 161127t2015 xxua|||fr|||| 001 0 eng d | ||
| 020 | _a9781138908765 | ||
| 040 |
_aEG-ScBUE _beng _cEG-ScBUE |
||
| 082 | 0 | 4 |
_222 _a324.73 _bLEE |
| 245 | 1 | 0 |
_aRoutledge handbook of political marketing / _cLees-Marshment, Jennifer, [editor.] |
| 260 |
_aLondon : _bRoutledge, _c2015. |
||
| 300 |
_axx, 388 p. ; _c24 cm. |
||
| 490 | 0 | _aRoutledge handbooks | |
| 500 | _aIndex : p. 387-388. | ||
| 500 | _aConclusion: p. 366-386. | ||
| 590 | _aSuzan Ashmawy | ||
| 650 | 7 |
_2BUEsh _aPolitical campaigns _928779 |
|
| 650 | 7 |
_2BUEsh _aPublic relations and politics |
|
| 650 | 7 |
_2BUEsh _aCampaign management _928832 |
|
| 650 | 7 |
_2BUEsh _aCommunication in politics |
|
| 651 | _2BUEsh | ||
| 653 |
_bBUSECO _cNovember2016 |
||
| 942 | _2ddc | ||
| 999 |
_c23351 _d23323 |
||